| 000 | 00463nam a2200169Ia 4500 | ||
|---|---|---|---|
| 003 | GCL | ||
| 008 | 140319s9999 xx 000 0 eng d | ||
| 040 |
_aGCL / _cGCL |
||
| 082 | 0 | 4 |
_a621.3 _bD T |
| 100 | 1 | _aDORF, RICHARD C. | |
| 245 | 1 | 0 |
_aTHE ELECTRICAL ENGENEERING: HAND BOOK / _cDORF, RICHARD C. |
| 260 |
_a[S.N] : _bCRC PRESS ، _c1993 |
||
| 300 | _a2661 P | ||
| 650 | 0 | 4 | _aالتحليل الرياضى |
| 650 | 0 | 4 | _aELECTRIC ENGINEERING |
| 942 |
_2ddc _cBK |
||
| 999 |
_c23927 _d23927 |
||